01453cam a22003378i 450000100090000000300040000900500170001300600180003000700150004800800410006301000170010402000180012104000230013904200080016205000110017008200180018110000290019924501840022826400380041230000210045033600260047133700260049733800360052350000200055952001940057958801030077365000280087670000270090470000350093177601490096623236806OSt20250609154910.0m |o d | cr_|||||||||||230720s2023 nyu o 001 0 eng  a 2023024484 a9789390185832 aDLCbengcDLCerda apcc00aHF571800a658.45bREN/B1 aRentz, Kathryn,eauthor.10aBusiness communication :ba problem-solving approach /cKathryn Rentz, University of Cincinnati, Paula Lentz, University of Wisconsin-Eau Claire, Kristen Getchell, Babson College. 1aIndia :bMcGraw Hill LLC,c[2020] aMulti pagination atextbtxt2rdacontent acomputerbc2rdamedia aonline resourcebcr2rdacarrier aIncludes index. a"The goal is to coax students out of their comfort zones into a problem solving mindset while giving them the tools they need to make good communication decisions"--cProvided by publisher. aDescription based on print version record and CIP data provided by publisher; resource not viewed. 0aBusiness communication.1 aLentz, Paula,eauthor.1 aGetchell, Kristen M.,eauthor.08iPrint version:aRentz, Kathryn.tBusiness communicationbThird edition.dNew York, NY : McGraw Hill LLC, [2024]z9781266678509w(DLC) 2023024483